Customer relationship Management v obchodnej firme

Podoby uplatnenia konceptu CRM (customer relationship management). Problémy a predpoklady úspechu CRM.

Guardado en:
Detalles Bibliográficos
Autor principal: Rácz, Peter
Formato: Capítulo de libro
Lenguaje:eslovaco
Materias:
Etiquetas: Agregar Etiqueta
Sin Etiquetas, Sea el primero en etiquetar este registro!

MARC

LEADER 00000naa a2200000 4500
001 r042822
005 20230920073256.0
041 0 |a slo 
044 |a SK 
245 1 0 |a Customer relationship  |b Management v obchodnej firme  |c Peter Rácz 
520 |a Podoby uplatnenia konceptu CRM (customer relationship management). Problémy a predpoklady úspechu CRM. 
610 2 0 |a riadenie 
610 2 0 |a manažment 
610 2 0 |a systém CRM 
610 2 0 |a zákazníci 
610 2 0 |a marketing 
610 2 0 |a technológie informačné 
610 2 0 |a technológie komunikačné 
610 2 0 |a nástroje marketingové 
100 1 |a Rácz, Peter